[Event "FICGS W-ch st1 g06 email"]
[Site "FICGS email"]
[Date "2007.07.11"]
[Round "1"]
[White "Willoughby, Peter"]
[Black "Kondort, Mihai"]
[Result "1-0"]
[WhiteElo "1280"]
[BlackElo "1700"]
[PlyCount "23"]
[EventDate "2007.??.??"]
[EventType "tourn (corr)"]
[EventRounds "8"]
[SourceTitle "Corr 2022"]
[Source "ChessBase"]
[SourceDate "2021.10.24"]
[SourceVersion "1"]
[SourceVersionDate "2021.10.24"]
[SourceQuality "1"]

1. e4 c5 2. Nf3 Nc6 3. Bb5 Nd4 4. Nxd4 cxd4 5. 0-0 g6 6. d3 Bg7 7. Bf4 Qb6 8. Bc4 e6 9. Bb3 Ne7 10. Nd2 e5 11. Bg5 Qc5 12. a4 1-0